| Tag |
First Indicator |
Second Indicator |
Subfields |
| LEADER |
00000cam a2200000 a 4500 |
| 001 |
in00000529332 |
| 005 |
20151014050520.0 |
| 008 |
771020s1919 njua 00000 eng |
| 010 |
|
|
|a 19017211
|
| 035 |
|
|
|a (OCoLC)03355040
|
| 035 |
|
|
|9 ACH8571AM
|
| 040 |
|
|
|a DLC
|c IOH
|d TXA
|d UtOrBLW
|
| 041 |
0 |
|
|a eng
|
| 049 |
|
|
|a TXAM
|c [1390657]
|
| 050 |
0 |
0 |
|a DC801.S65
|b S5
|
| 245 |
0 |
0 |
|a Soissons before and during the war.
|
| 264 |
|
1 |
|a Clermont-Ferrand :
|b Michelin & cie.,
|c [1919]
|
| 264 |
|
4 |
|c ©1919
|
| 300 |
|
|
|a 63 pages, 1 unnumbered page :
|b illustrations ;
|c 21 cm.
|
| 336 |
|
|
|a text
|b txt
|2 rdacontent
|
| 337 |
|
|
|a unmediated
|b n
|2 rdamedia
|
| 338 |
|
|
|a volume
|b nc
|2 rdacarrier
|
| 490 |
0 |
|
|a Michelin's illustrated guides to the battlefields (1914-1918)
|
| 500 |
|
|
|a Cushing Library Ragan Military copy part of the Alan Culpin Military History Collection.
|
| 651 |
|
0 |
|a Soissons (France)
|x Description and travel
|x Guidebooks.
|
| 651 |
|
0 |
|a Soissons (France)
|x History.
|
| 999 |
|
|
|a MARS
|
| 999 |
f |
f |
|s 29dad4a8-7bf8-3df2-b51e-8554fba79491
|i 40135e98-5921-30cf-990f-41b68de5537e
|t 0
|
| 952 |
f |
f |
|p ric
|a Texas A&M University
|b Rellis Campus
|c Joint Library Facility
|d Remote Storage
|t 0
|e DC801.S65 S5
|h Library of Congress classification
|i unmediated -- volume
|m A14808868310
|
| 952 |
f |
f |
|p noncirc
|a Texas A&M University
|b College Station
|c Cushing Memorial Library & Archives
|d Cushing: Ragan Military (Does not check out)
|t 0
|e DC801.S65 S5
|h Library of Congress classification
|i unmediated -- volume
|
| 998 |
f |
f |
|a DC801.S65 S5
|t 0
|l Cushing: Ragan Military (Does not check out)
|
| 998 |
f |
f |
|a DC801.S65 S5
|t 0
|l Remote Storage
|